000 00309nam a22001337a 4500
003 OSt
005 20211222105755.0
008 211222b |||||||| |||| 00| 0 eng d
020 _a9788184313277
040 _aGodse
_cHU
082 _a004.22/GOD/2008
245 _aComputer Architecture
942 _2ddc
_cBOOKS
_n0
999 _c23414
_d23414